Lehrbuch des Naturrechts 1819

I tiakina i:
Ngā taipitopito rārangi puna kōrero
Kaituhi matua: Hugo, Gustav (Author)
Hōputu: Pukapuka
Reo:Tiamana
I whakaputaina: Londres Detlev Auvermann 1971
Ngā marau:
Ngā Tūtohu: Tāpirihia he Tūtohu
Kāore He Tūtohu, Me noho koe te mea tuatahi ki te tūtohu i tēnei pūkete!

MARC

LEADER 00000nam a2200000 a 4500
001 UCK2383
003 CL-VaPUC
008 050106e19710000uk |||||||||||||||||ger|d
082 0 4 |a 340.11  |b HUG  |2 21 
100 0 |a Hugo, Gustav  |e author  |9 490239 
245 1 0 |a Lehrbuch des Naturrechts 1819 
300 |a 564 p 
942 |c BK 
945 |d 20050106 00:00:00  |a cmena 
260 |a Londres  |b Detlev Auvermann  |c 1971 
650 0 |a Filosofía del derecho   |9 255050 
650 0 |a Teoría del derecho  |9 255982 
650 0 |a Derecho positivo  |9 255911 
650 0 |a Derecho natural   |9 255041 
650 0 |a Derecho privado  |9 258243 
583 |a last modification  |c 20150504 03:51:41  |k Rodrigo Vera 
999 |c 311940  |d 311938 
952 |0 0  |1 0  |4 0  |6 340_110000000000000_HUG_1971  |7 0  |8 X  |9 381677  |a BIBDER  |b BIBDER  |d 2019-11-21  |i 4091175  |o 340.11 HUG 1971  |p 4091175  |r 2023-01-25  |w 2019-11-21  |y BK_X  |k DER